[Event "Druzynowe Mistrzostwa Polski Juniorow - I Liga Juniorow 2019"]
[Site "Ustron"]
[Date "1899-12-30"]
[Round "5.6"]
[White "Rejniak, Zuzanna"]
[Black "Szopa, Emilia"]
[Result "1-0"]
[WhiteTitle "k"]
[BlackTitle "I+"]
[WhiteElo "1808"]
[BlackElo "1415"]

1. d4 Nf6 2. c4 c5 3. d5 b5 4. Qc2 d6 5. e4 g6 6. Nf3 Bg7 7. cxb5 a6 8. Nc3 O-O
9. a4 axb5 10. Bxb5 Ba6 11. O-O Bxb5 12. Nxb5 Nbd7 13. Bd2 Qb6 14. Bc3 Rfb8 15.
Rfd1 Qb7 16. Nd2 Nb6 17. b3 Rc8 18. Nc4 Nxc4 19. bxc4 Qd7 20. h3 Ne8 21. Re1 e5
22. dxe6 fxe6 23. Bxg7 Nxg7 24. Red1 Ra6 25. Qd3 Rd8 26. Nc3 Ne8 27. e5 Nc7 28.
Ne4 Qc6 29. exd6 Ne8 30. d7 Ng7 31. Nc3 Nf5 32. Nb5 Rb6 33. a5 1-0

[Event "Druzynowe Mistrzostwa Polski Juniorow - I Liga Juniorow 2019"]
[Site "Ustron"]
[Date "1899-12-30"]
[Round "5.7"]
[White "Fiedorek, Michal"]
[Black "Skurniak, Szymon"]
[Result "1-0"]
[WhiteTitle "k"]
[BlackTitle "I+"]
[WhiteElo "2158"]
[BlackElo "2066"]

1. e4 c5 2. Nf3 Nc6 3. d4 cxd4 4. Nxd4 Nf6 5. Nc3 d6 6. Bg5 Qb6 7. Be3 Ng4 8. Nd5
Qd8 9. Nb5 Nxe3 10. fxe3 Rb8 11. Nbc7+ Kd7 12. Qf3 a6 13. Qf5+ e6 14. Qxf7+ Ne7
15. Nxe6 Qa5+ 16. b4 Qa3 17. Nxf8+ Rxf8 18. Qxe7+ Kc6 19. Qc7# 1-0

[Event "Druzynowe Mistrzostwa Polski Juniorow - I Liga Juniorow 2019"]
[Site "Ustron"]
[Date "1899-12-30"]
[Round "5.8"]
[White "Dixa, Oskar"]
[Black "Hryn, Zofia"]
[Result "1-0"]
[WhiteTitle "k"]
[BlackTitle "I++"]
[WhiteElo "2019"]
[BlackElo "1622"]

1. d4 d5 2. c4 e6 3. Nc3 dxc4 4. e4 a6 5. a4 c5 6. d5 exd5 7. Nxd5 Be6 8. Bxc4
Nf6 9. Bf4 Bxd5 10. exd5 Bd6 11. Qe2+ Kd7 12. Bxd6 Qa5+ 13. Kf1 Kxd6 14. Qe3 Qb4
15. Qg3+ Kd7 16. b3 Re8 17. Qxg7 Ne4 18. Nf3 Kd8 19. g3 Nd7 20. Kg2 Kc7 21. Rhe1
Nd6 22. Qxh7 Nxc4 23. bxc4 Rxe1 24. Rxe1 Rf8 25. Re7 Qxc4 26. Rxd7+ 1-0

[Event "Druzynowe Mistrzostwa Polski Juniorow - I Liga Juniorow 2019"]
[Site "Ustron"]
[Date "1899-12-30"]
[Round "5.9"]
[White "Wielgus, Wojciech"]
[Black "Ochedzan, Tymon"]
[Result "1/2-1/2"]
[WhiteTitle "I"]
[BlackTitle "CM"]
[WhiteElo "1821"]
[BlackElo "2064"]

1. e4 c5 2. Nf3 d6 3. d4 cxd4 4. Nxd4 Nf6 5. Nc3 a6 6. f4 e5 7. Nf3 Nbd7 8. a4
Be7 9. Bc4 O-O 10. O-O Qc7 11. Qe2 Nc5 12. Kh1 Be6 13. Bxe6 Nxe6 14. fxe5 dxe5
15. Nd5 Nxd5 16. exd5 Nd4 17. Nxd4 exd4 18. Bf4 Qd7 19. Be5 Bc5 20. Qc4 Rac8 21.
Bxd4 Bxd4 22. Qxd4 Rxc2 23. Rac1 Rxc1 24. Rxc1 Qd6 25. h3 h6 26. Rd1 Re8 27. Rc1
Re5 28. Rd1 f5 29. b3 a5 30. Qc4 Kh7 31. Qb5 b6 32. Qc6 Qxc6 33. dxc6 Rc5 34.
Rd6 b5 35. axb5 Rxb5 36. c7 Rc5 37. Rd5 Rxc7 38. Rxf5 Rb7 39. Rxa5 Rxb3 40. Kh2
Kg6 41. Ra6+ Kf5 1/2-1/2

[Event "Druzynowe Mistrzostwa Polski Juniorow - I Liga Juniorow 2019"]
[Site "Ustron"]
[Date "1899-12-30"]
[Round "5.10"]
[White "Jedraszek, Pawel"]
[Black "Warchol, Kamil"]
[Result "0-1"]
[WhiteTitle "I"]
[BlackTitle "CM"]
[WhiteElo "1807"]
[BlackElo "1639"]

1. d4 d5 2. c4 e6 3. Nf3 Be7 4. g3 Nf6 5. Bg2 O-O 6. O-O c5 7. dxc5 Bxc5 8. Qc2
Be7 9. Rd1 Qc7 10. Nbd2 Nc6 11. cxd5 Nxd5 12. a3 Rd8 13. e4 Nb6 14. b4 Bf6 15.
Rb1 Qe7 16. Bb2 e5 17. b5 Nd4 18. Nxd4 exd4 19. Nb3 Be6 20. Nxd4 Rac8 21. Qe2
Na4 22. e5 Ba2 23. Nf5 Qe6 24. Bh3 Bg5 25. Ra1 Bb3 26. Rxd8+ Rxd8 27. f4 Qb6+
28. Kh1 Bd5+ 29. Bg2 Qe6 30. Ne3 Bxg2+ 31. Qxg2 Be7 32. Qc2 Nxb2 33. Qxb2 Bc5
34. f5 Qe8 35. Nc4 Bd4 36. Qc1 Bxa1 37. Qxa1 Qxb5 38. Nd6 Qd5+ 39. Kg1 f6 40.
Qc3 fxe5 41. Nc4 Qc5+ 42. Kg2 Rc8 43. Qe3 Qxc4 44. Qxe5 Qc6+ 45. Kh3 Qf6 46. Qd5+
Qf7 47. Qd3 Rf8 48. g4 g6 49. Qc3 gxf5 50. Qd4 fxg4+ 51. Qxg4+ Kh8 52. Qd4+ Qf6
53. Qxf6+ Rxf6 54. Kg4 Kg7 55. h4 Kg6 56. h5+ Kh6 57. Kh4 Rf4+ 58. Kg3 Kg5 59.
h6 a5 60. Kh3 Rg4 61. a4 b6 62. Kh2 Kf4 63. Kh1 Kg3 64. Kg1 Rf4 65. Kh1 Rf1# 0-1

[Event "Druzynowe Mistrzostwa Polski Juniorow - I Liga Juniorow 2019"]
[Site "Ustron"]
[Date "1899-12-30"]
[Round "5.11"]
[White "Hryn, Aleksandra"]
[Black "Wawrzyniak, Weronika"]
[Result "1/2-1/2"]
[WhiteTitle "I+"]
[BlackTitle "I"]
[WhiteElo "1611"]
[BlackElo "1493"]

1. e4 e5 2. Nf3 Nf6 3. Nxe5 d6 4. Nc4 Nxe4 5. Nc3 Nf6 6. d4 d5 7. Ne3 c6 8. Bd3
Bd6 9. Qf3 O-O 10. O-O Re8 11. Nf5 Bxf5 12. Bxf5 Qc7 13. g3 Nbd7 14. Bd2 h6 15.
Kg2 Re7 16. Rfe1 Rae8 17. Rxe7 Rxe7 18. h4 Nf8 19. Rh1 Ne6 20. Ne2 Ne4 21. Bxe4
dxe4 22. Qg4 Kf8 23. Be3 Qa5 24. a3 h5 25. Qh3 Qb5 26. Nc3 Qxb2 27. Nxe4 Bxa3
28. c3 Qc2 29. Qf5 Nxd4 30. Bxd4 Qxe4+ 31. Qxe4 Rxe4 32. Bxa7 b5 33. Rb1 Rc4 34.
Rb3 Bd6 35. f4 Ke7 36. Bd4 g6 37. Rb1 Kd7 38. Rd1 Kc7 39. Kf3 c5 40. Bf6 Kc6 41.
Ke3 Ra4 42. Rc1 Rc4 43. Rd1 Bc7 44. Kd3 Ra4 45. Re1 Bd6 46. Rb1 Ra2 47. Ke3 Rc2
48. Ra1 Kd5 49. Ra6 b4 50. cxb4 cxb4 51. Ra5+ Kc4 52. Ra6 Bc5+ 53. Ke4 b3 54.
Ra4+ Bb4 55. Ra7 b2 56. Bxb2 Rxb2 57. Rxf7 Rb3 58. f5 Rxg3 59. fxg6 Rxg6 60. Kf5
Rh6 61. Rd7 Be1 62. Kg5 Rh8 63. Re7 Bf2 64. Rf7 Bg3 65. Rd7 Bf2 66. Rf7 Bg3 67.
Rf5 Kd4 68. Kg6 Bxh4 69. Rxh5 1/2-1/2

[Event "Druzynowe Mistrzostwa Polski Juniorow - I Liga Juniorow 2019"]
[Site "Ustron"]
[Date "1899-12-30"]
[Round "5.12"]
[White "Barwinska, Ewa"]
[Black "Kieca, Aleksandra"]
[Result "1-0"]
[WhiteTitle "I++"]
[BlackTitle "I"]
[WhiteElo "1724"]
[BlackElo "1516"]

1. e4 c5 2. Nf3 d6 3. d4 cxd4 4. Nxd4 Nf6 5. Nc3 a6 6. Bg5 e6 7. f4 Be7 8. Qf3
Qc7 9. O-O-O b5 10. Bxf6 gxf6 11. a3 Bb7 12. f5 e5 13. Nb3 Nd7 14. Nd5 Bxd5 15.
Rxd5 Rc8 16. Qf2 Nb6 17. Rd3 Nc4 18. Rc3 Qb7 19. Qf3 Bf8 20. Bd3 Bh6+ 21. Kb1
Ke7 22. Ka2 a5 23. Qe2 Qc7 24. Bxc4 bxc4 25. Nd2 Bxd2 26. Qxd2 Qb7 27. Rd1 Rhd8
28. Qd5 Qa6 29. Rh3 Rh8 30. g4 Qb6 31. Qd2 Rc5 32. g5 Rcc8 33. gxf6+ Kd7 34. Qd5
Ke8 35. Qxd6 Qxd6 36. Rxd6 Rc5 37. Rg3 h5 38. a4 h4 39. Rg2 c3 40. bxc3 Rxc3 41.
Rgd2 Rc8 42. R6d5 h3 43. Rxe5+ Kf8 44. Red5 Ke8 45. Rxa5 Rh4 46. Re5+ Kf8 47.
Kb3 Rh6 48. Rd6 Rh4 49. Red5 Ke8 50. e5 Rf4 51. Rd3 Rh4 52. Rg3 Kf8 53. e6 fxe6
54. fxe6 Rh8 55. Rgd3 Rb8+ 56. Ka3 Ke8 57. a5 Ra8 58. Ka4 Rh4+ 59. R3d4 Rh5 60.
R6d5 Rh8 1-0

[Event "Druzynowe Mistrzostwa Polski Juniorow - I Liga Juniorow 2019"]
[Site "Ustron"]
[Date "1899-12-30"]
[Round "5.13"]
[White "Krych, Dominik"]
[Black "Raczynski, Krzysztof"]
[Result "0-1"]
[WhiteTitle "III"]
[BlackTitle "k+"]
[WhiteElo "1472"]
[BlackElo "2170"]

1. d4 f5 2. e4 fxe4 3. Nc3 Nf6 4. Bg5 Nc6 5. d5 Ne5 6. Qd4 Nf7 7. Bxf6 exf6 8.
O-O-O Be7 9. Bc4 O-O 10. g4 d6 11. Qxe4 f5 12. gxf5 Ne5 13. f4 Bxf5 14. Qd4 Nxc4
15. Qxc4 a6 16. Nf3 Bg4 17. Qe2 Rxf4 18. Rd3 Qf8 19. Rf1 Re8 20. Qg2 Bg5 21. Kd1
Rxf3 22. Rdxf3 Qf4 0-1

[Event "Druzynowe Mistrzostwa Polski Juniorow - I Liga Juniorow 2019"]
[Site "Ustron"]
[Date "1899-12-30"]
[Round "5.14"]
[White "Butyrowski, Marcel"]
[Black "Leskiewicz, Ignacy"]
[Result "0-1"]
[WhiteTitle "I++"]
[BlackTitle "k"]
[WhiteElo "2041"]
[BlackElo "2120"]

1. Nf3 Nf6 2. c4 g6 3. b3 Bg7 4. Bb2 d6 5. d4 c5 6. g3 Ne4 7. Nbd2 Qa5 8. Qc1 Nxd2
9. Qxd2 Qxd2+ 10. Kxd2 Nc6 11. e3 Bg4 12. Bg2 O-O 13. h3 Bf5 14. Nh4 cxd4 15.
exd4 Bd7 16. Bxc6 Bxc6 17. Rhg1 b5 18. Ng2 bxc4 19. bxc4 Rab8 20. Bc3 e5 21. d5
Bd7 22. h4 Bc8 23. Ne3 Ba6 24. Rab1 Bh6 25. c5 dxc5 26. Bxe5 Rbd8 27. f4 Rfe8
28. Rge1 Rxe5 29. fxe5 Rxd5+ 30. Kc2 Rd4 31. Rbd1 Ra4 32. Nd5 Rxa2+ 33. Kb3 Rg2
34. Nf6+ Kg7 35. Rd8 c4+ 36. Kc3 Rxg3+ 37. Kb4 Rb3+ 38. Ka4 Bb5+ 39. Ka5 Bf4 40.
Rg8+ Kh6 41. Re2 Bc6 42. Rh8 Kg7 43. Rg8+ Kh6 44. Rh8 g5 45. h5 g4 46. Rxh7+ Kg5
47. Rg7+ Kf5 48. Rxf7 Ke6 49. Rc7 Bf3 50. Rc2 Bxe5 51. R7xc4 Kxf6 52. Rc8 Kg7
53. R2c5 Re3 54. Rd8 g3 55. Rd7+ Kh6 56. Ka4 g2 57. Rc1 g1=Q 0-1

[Event "Druzynowe Mistrzostwa Polski Juniorow - I Liga Juniorow 2019"]
[Site "Ustron"]
[Date "1899-12-30"]
[Round "5.15"]
[White "Klimkowski, Jan"]
[Black "Wojdak, Jan"]
[Result "1/2-1/2"]
[WhiteTitle "I"]
[BlackTitle "I"]
[WhiteElo "1932"]
[BlackElo "1803"]

1. e4 c5 2. Nf3 Nc6 3. d4 cxd4 4. Nxd4 Nf6 5. Nc3 d6 6. Bg5 e6 7. Qd2 a6 8. O-O-O
Bd7 9. f3 h6 10. Be3 b5 11. Kb1 Ne5 12. f4 b4 13. fxe5 bxc3 14. Qxc3 Rc8 15. Qe1
dxe5 16. Nb3 Qc7 17. Bd3 Bb5 18. Qg3 Nh5 19. Qf2 Nf6 20. h3 Bxd3 21. cxd3 Rb8
22. Rc1 Qd7 23. Rhd1 Bd6 24. d4 Qb7 25. dxe5 Qxe4+ 26. Ka1 Bxe5 27. Ba7 Ra8 28.
Re1 Qf4 29. Qc5 Nd7 30. Qc6 Rxa7 31. Qc8+ Ke7 32. Qxh8 Qf2 33. Rxe5 Nxe5 34. Qxg7
Qf6 35. Qg3 Nd7 36. Qd3 Qe5 37. Qc4 Qd6 38. Qh4+ Nf6 39. Rf1 e5 40. Nc5 Qxc5 41.
Qxf6+ Ke8 42. Re1 Re7 43. Qh8+ Kd7 44. Rd1+ Kc7 45. Qxh6 Kb7 46. Qd6 Qxd6 47.
Rxd6 e4 48. Kb1 e3 49. Rd1 f5 50. Kc2 Rg7 51. Rg1 f4 52. Kd3 Rg3 53. Ke4 f3 54.
Kxe3 fxg2+ 55. Kd4 Rxh3 56. Rxg2 Rh4+ 57. Kc5 Rh5+ 58. Kb4 Rh4+ 59. Ka5 Rh5+ 60.
Ka4 Rh6 61. Rg4 Kb6 62. Rb4+ Ka7 63. a3 Rg6 64. Re4 Kb6 65. Kb4 Rh6 66. Kc4 Rc6+
67. Kd5 Rc5+ 68. Kd6 Rc6+ 69. Kd7 Rc7+ 70. Kd8 Rc2 71. Rb4+ Ka7 72. Rb3 Rh2 1/2-1/2

[Event "Druzynowe Mistrzostwa Polski Juniorow - I Liga Juniorow 2019"]
[Site "Ustron"]
[Date "1899-12-30"]
[Round "5.16"]
[White "Stanislawski, Karol"]
[Black "Paprocki, Antoni"]
[Result "0-1"]
[WhiteTitle "II"]
[BlackTitle "I"]
[WhiteElo "1279"]
[BlackElo "1704"]

1. d4 Nf6 2. Nf3 g6 3. c4 Bg7 4. g3 O-O 5. Bg2 d6 6. O-O c6 7. Nc3 Bf5 8. Re1 Ne4
9. Nh4 Nxc3 10. bxc3 Be6 11. Qb3 Qc7 12. Rb1 b5 13. d5 bxc4 14. Qxc4 Bd7 15. Bb2
Rc8 16. Qd3 Bf6 17. c4 Bxb2 18. Rxb2 Na6 19. Reb1 Nc5 20. Qe3 e6 21. Qf4 Kg7 22.
Nf3 e5 23. Qe3 cxd5 24. cxd5 Bf5 25. Rc1 Rab8 26. Rxb8 Rxb8 27. h3 f6 28. g4 Bd7
29. g5 fxg5 30. Qxg5 Re8 31. Nd2 Qb6 32. Nc4 Qa6 33. Qe3 Nb7 34. Qa3 Qxa3 35.
Nxa3 Nc5 36. Nc4 Nb7 37. Nd2 Rc8 38. Rxc8 Bxc8 39. Nc4 Kf6 40. Kh2 Ke7 41. e4
Nc5 42. f3 Ba6 43. Bf1 Bxc4 44. Bxc4 Nd7 45. Kg3 Kf6 46. Kg4 Nc5 47. h4 Na4 48.
f4 Nc5 49. Kf3 h6 50. Be2 exf4 51. Kxf4 g5+ 52. hxg5+ hxg5+ 53. Ke3 Ke5 54. Bf3
Nd7 55. Bg4 Nf6 56. Bf3 g4 57. Be2 g3 58. Bf3 Nh7 59. Bh1 Ng5 60. Bg2 Nh7 61.
Bh1 Nf6 62. Bf3 Nd7 63. Bg2 Nc5 64. a3 a5 65. Bh1 a4 66. Bg2 Nb3 67. Kf3 Nd2+
68. Kxg3 Nxe4+ 69. Kf3 Nd2+ 70. Ke3 Nc4+ 71. Kd3 Nxa3 72. Kc3 Nb5+ 73. Kb4 a3
74. Kb3 Kd4 75. Bf3 Ke3 76. Bg2 Kf2 77. Be4 a2 78. Kb2 Ke3 79. Bg2 Nc3 80. Bh1
Kd4 81. Bg2 Nxd5 82. Bxd5 Kxd5 83. Kxa2 Kd4 84. Kb2 Kd3 85. Kc1 d5 86. Kd1 d4
87. Ke1 Kc2 0-1

[Event "Druzynowe Mistrzostwa Polski Juniorow - I Liga Juniorow 2019"]
[Site "Ustron"]
[Date "1899-12-30"]
[Round "5.17"]
[White "Waligora, Julia"]
[Black "Szelag, Zuzanna"]
[Result "1/2-1/2"]
[WhiteTitle "I"]
[BlackTitle "k"]
[WhiteElo "1558"]
[BlackElo "1942"]

1. e4 c5 2. Nf3 d6 3. d4 cxd4 4. Nxd4 Nf6 5. Nc3 a6 6. Be3 e5 7. Nb3 Be6 8. f3
Be7 9. Qd2 h5 10. O-O-O Nbd7 11. h3 h4 12. f4 exf4 13. Bxf4 Nh5 14. Kb1 Nxf4 15.
Qxf4 Ne5 16. Be2 Bg5 17. Qf2 Rc8 18. Nd5 O-O 19. g3 Nc4 20. Bxc4 Rxc4 21. gxh4
Bxh4 22. Qg2 Bxd5 23. exd5 Qg5 24. Qxg5 Bxg5 25. Rhe1 Rfc8 26. c3 Rh4 27. Rd3
g6 28. Rf3 Rf4 29. Rxf4 Bxf4 30. Re7 Rb8 31. Na5 b6 32. Nc6 Ra8 33. Kc2 Kg7 34.
Rb7 b5 35. b4 g5 36. Rb8 Rxb8 37. Nxb8 Be3 38. Nxa6 Bb6 39. Kd3 f5 40. Nb8 f4
41. Nc6 Kf6 42. Ke4 Bf2 43. Kf3 Be1 44. Nd4 Bxc3 45. Nxb5 Bxb4 46. Ke4 Kg6 47.
a3 Bc5 48. a4 Bb4 49. Nd4 Bc5 50. Nf3 Kf6 51. a5 Kg6 52. a6 Kh5 53. Kf5 Be3 54.
Nxg5 Kh4 55. a7 Bxa7 56. Kxf4 Bc5 57. Kf5 Bb4 58. Nf7 Kxh3 59. Ke6 Kg4 60. Nxd6
Kg5 61. Nb7 Kg6 62. Kd7 Kf7 63. Kc6 Ke7 64. Nc5 Bxc5 65. Kxc5 Kd7 66. d6 Kd8 67.
Kd5 Kd7 68. Ke5 Kd8 69. Ke6 Ke8 70. d7+ Kd8 71. Kd6 1/2-1/2

[Event "Druzynowe Mistrzostwa Polski Juniorow - I Liga Juniorow 2019"]
[Site "Ustron"]
[Date "1899-12-30"]
[Round "5.19"]
[White "Lis, Mateusz"]
[Black "Teclaf, Pawel"]
[Result "1/2-1/2"]
[WhiteTitle "k"]
[BlackTitle "IM"]
[WhiteElo "2032"]
[BlackElo "2454"]

1. e4 c5 2. c3 g6 3. d4 cxd4 4. cxd4 d5 5. e5 Nc6 6. Nc3 Bg7 7. Be3 Nh6 8. Qb3
Nf5 9. Rd1 Nxe3 10. fxe3 e6 11. Nf3 O-O 12. Be2 Bd7 13. O-O Na5 14. Qc2 Rc8 15.
Nd2 b5 16. a3 Qb6 17. b4 Nc4 18. Bxc4 bxc4 19. Kh1 Bc6 20. Rb1 a6 21. a4 f6 22.
b5 Bd7 23. a5 Qxa5 24. Ra1 Qb6 25. Rxa6 Qb7 26. exf6 Bxf6 27. Qa4 Rb8 28. Ra7
Qc8 29. Qa5 Bd8 30. Rxf8+ Kxf8 31. Qb4+ Be7 32. Qa5 Bd8 33. Qb4+ Ke8 34. e4 Bb6
35. Ra1 Bxd4 36. exd5 Qc5 37. Qxc5 Bxc5 38. Nxc4 Bd4 39. dxe6 Bxb5 1/2-1/2

[Event "Druzynowe Mistrzostwa Polski Juniorow - I Liga Juniorow 2019"]
[Site "Ustron"]
[Date "1899-12-30"]
[Round "5.20"]
[White "Niedbala, Bartlomiej"]
[Black "Bachor, Tomasz"]
[Result "0-1"]
[WhiteTitle "k"]
[BlackTitle "I+"]
[WhiteElo "2120"]
[BlackElo "2038"]

1. d4 Nf6 2. c4 g6 3. Nc3 Bg7 4. e4 d6 5. Be2 O-O 6. Bg5 h6 7. Be3 e5 8. d5 Nbd7
9. Qd2 Kh7 10. Bd1 Nb6 11. Qd3 Ng4 12. Bd2 f5 13. Nge2 Nxf2 14. Qe3 Nxh1 15. Bb3
f4 16. Qg1 Qh4+ 0-1

[Event "Druzynowe Mistrzostwa Polski Juniorow - I Liga Juniorow 2019"]
[Site "Ustron"]
[Date "1899-12-30"]
[Round "5.21"]
[White "Karwacki, Piotr"]
[Black "Dziendziel, Mateusz"]
[Result "1/2-1/2"]
[WhiteTitle "I"]
[BlackTitle "I"]
[WhiteElo "1780"]
[BlackElo "1753"]

1. d4 f5 2. Nc3 Nf6 3. Bg5 e6 4. e4 fxe4 5. Nxe4 Be7 6. Bxf6 Bxf6 7. Qh5+ g6 8.
Qh6 Nc6 9. O-O-O d5 10. Nxf6+ Qxf6 11. Bb5 Bd7 12. Nf3 Ne7 13. Bxd7+ Kxd7 14.
Ne5+ Kc8 15. Ng4 Qf7 16. Ne5 Qf6 17. g4 b6 18. Rd3 Qf8 19. Qxf8+ Rxf8 20. Rh3
h5 21. gxh5 Rh8 22. h6 Kb7 23. Rg1 Rh7 24. Re1 Rah8 25. Ng4 Nf5 26. Rxe6 Nxh6
27. Rxg6 Nxg4 28. Rxh7 Rxh7 29. Rxg4 Rxh2 30. Rf4 Kc6 31. Kd2 Kd6 32. Ke2 Ke6
33. Rg4 Rh1 34. Rg6+ Ke7 35. b3 Rc1 36. Kd2 Rf1 37. Rg2 a5 38. a4 Ke6 39. Ke3
Rc1 40. f3 Re1+ 41. Kf4 Kf6 42. Rh2 Kg6 43. Rd2 Kf6 44. Rd3 Rh1 45. Rc3 Rh4+ 46.
Ke3 Rh7 47. Kf4 Rh4+ 48. Ke3 Rh7 49. Rc6+ Kf5 50. c4 dxc4 51. bxc4 Re7+ 52. Kd3
Kf4 53. Rf6+ Kg5 54. Rf8 Re1 55. Rc8 Ra1 56. Rxc7 Rxa4 57. Rb7 Rb4 58. Kc3 Kf6
59. f4 Ke6 60. d5+ Kf6 61. Rh7 b5 62. cxb5 Rxf4 63. d6 Ke6 64. d7 Rf8 65. Kb3
Kd6 66. Ka4 Ra8 67. b6 Kc6 68. b7 Rd8 69. Kxa5 Kxb7 1/2-1/2

[Event "Druzynowe Mistrzostwa Polski Juniorow - I Liga Juniorow 2019"]
[Site "Ustron"]
[Date "1899-12-30"]
[Round "5.22"]
[White "Herwy, Jakub"]
[Black "Furgal, Grzegorz"]
[Result "1/2-1/2"]
[WhiteTitle "I+"]
[BlackTitle "II"]
[WhiteElo "1641"]
[BlackElo "1456"]

1. e4 e6 2. d4 d5 3. e5 c5 4. Nf3 Nc6 5. Bd3 cxd4 6. O-O Nge7 7. Bf4 Ng6 8. Bg3
f6 9. Qe2 Bc5 10. a3 Bd7 11. h4 f5 12. h5 Nge7 13. b4 Bb6 14. Nbd2 O-O 15. Bh4
h6 16. Nb3 Rc8 17. Qd2 Rf7 18. Rae1 Qc7 19. Kh1 a5 20. b5 Na7 21. Nbxd4 Qc3 22.
Qxc3 Rxc3 23. Bxe7 Rxe7 24. Ra1 Be8 25. Ne2 Rc5 26. Nf4 Nxb5 27. Rfb1 Ba7 28.
Rb3 b6 29. Bxb5 Rxb5 30. Nd4 Rxb3 31. cxb3 Bd7 32. a4 Kf7 33. f3 Re8 34. Rc1 Bb8
35. Ng6 Rc8 36. Rxc8 Bxc8 37. g4 fxg4 38. fxg4 Ba6 39. Nb5 Bb7 40. Kh2 Bc6 41.
Kg3 Ke8 42. Nd4 Bd7 43. Kf4 Bc7 44. Nb5 Kd8 45. Nf8 Bc8 46. Ng6 Ba6 47. Nd4 Bc8
48. Nh4 Ke7 49. Nhf3 Bd7 50. Nb5 Bb8 51. Nfd4 Be8 52. Nc3 Bc7 53. Ncb5 Bb8 54.
Nc2 Bd7 55. Ncd4 Be8 1/2-1/2

[Event "Druzynowe Mistrzostwa Polski Juniorow - I Liga Juniorow 2019"]
[Site "Ustron"]
[Date "1899-12-30"]
[Round "5.23"]
[White "Furtak, Joanna"]
[Black "Buchta, Agnieszka"]
[Result "0-1"]
[WhiteTitle "k"]
[BlackTitle "I++"]
[WhiteElo "1879"]
[BlackElo "1818"]

1. e4 c5 2. Nf3 e6 3. d4 cxd4 4. Nxd4 Nf6 5. Nc3 d6 6. g4 h6 7. h4 Nc6 8. Rg1 d5
9. Bb5 Bd7 10. exd5 Nxd5 11. Nxd5 exd5 12. Qe2+ Be7 13. Nf5 O-O 14. Be3 d4 15.
Bxc6 dxe3 16. Nxe7+ Qxe7 17. Bxd7 exf2+ 18. Kxf2 Qxd7 19. Rgd1 Qc7 20. Kg2 Rfe8
21. Qf2 Re4 22. Kh3 Rae8 23. Re1 Qd7 24. Rxe4 Rxe4 25. Rg1 h5 26. Qf3 Qe6 27.
Kh2 hxg4 28. Qd1 Re2+ 29. Rg2 Qe5+ 30. Kh1 Re1+ 31. Qxe1 Qxe1+ 0-1

[Event "Druzynowe Mistrzostwa Polski Juniorow - I Liga Juniorow 2019"]
[Site "Ustron"]
[Date "1899-12-30"]
[Round "5.24"]
[White "Obrochta, Lena"]
[Black "Mroz, Lena"]
[Result "1/2-1/2"]
[WhiteTitle "I++"]
[BlackTitle "I++"]
[WhiteElo "1546"]
[BlackElo "1570"]

1. e4 c5 2. Nf3 e6 3. d4 cxd4 4. Nxd4 Qb6 5. Nc3 Bc5 6. Na4 Qa5+ 7. Nc3 Bxd4 8.
Qxd4 Nf6 9. Bd2 Nc6 10. Qd6 Qb4 11. Qxb4 Nxb4 12. O-O-O a6 13. f3 b5 14. e5 Nfd5
15. Kb1 Nxc3+ 16. bxc3 Nd5 17. c4 bxc4 18. Bxc4 Rb8+ 19. Bb3 O-O 20. Kc1 Bb7 21.
c4 Rfc8 22. Kb1 Nb6 23. Rc1 Bc6 24. Ka1 h6 25. Rhg1 Ra8 26. Be3 Rab8 27. Bc5 a5
28. Bd6 Rb7 29. h3 a4 30. Bd1 Ra8 31. Rc3 Ra5 32. f4 Nc8 33. Ba3 Nb6 34. Be2 Ra8
35. Rb1 Nc8 36. Bf3 Bxf3 37. gxf3 Rab8 38. Rxb7 Rxb7 39. Bc5 Rc7 40. Bd4 Ne7 41.
Kb2 Nc6 42. Be3 Na5 43. c5 Nc6 44. Ka3 Ra7 45. Rc4 Kf8 46. Rxa4 Ke8 47. Rxa7 Nxa7
48. Kb4 Kd8 49. Kc4 Kc7 50. a4 Kc6 51. Bd2 Nc8 52. f5 exf5 53. Bc3 g5 54. Bd2
Ne7 55. a5 Nc8 56. a6 Na7 57. Ba5 Nc8 58. Bd8 Na7 59. Kb4 Nc8 60. Kc4 Na7 61.
Bb6 Nc8 62. Bd8 Na7 63. Bb6 Nc8 64. Bd8 Na7 65. Bb6 Nc8 66. a7 Kb7 67. Kd5 h5
68. Kc4 Nxa7 1/2-1/2

[Event "Druzynowe Mistrzostwa Polski Juniorow - I Liga Juniorow 2019"]
[Site "Ustron"]
[Date "1899-12-30"]
[Round "5.25"]
[White "Szpar, Milosz"]
[Black "Brozyna, Mateusz"]
[Result "1/2-1/2"]
[WhiteTitle "FM"]
[BlackTitle "k"]
[WhiteElo "2289"]
[BlackElo "2252"]

1. e4 e5 2. Nf3 Nc6 3. Bb5 a6 4. Ba4 Nf6 5. O-O Be7 6. Re1 b5 7. Bb3 d6 8. c3 O-O
9. h3 Nb8 10. d4 Nbd7 11. Nbd2 Bb7 12. Bc2 Re8 13. Nf1 Bf8 14. Ng3 g6 15. a4 Bg7
16. Bd3 c6 17. Bg5 Qc7 18. Qd2 Nf8 19. dxe5 dxe5 20. c4 bxa4 21. Rxa4 Rad8 22.
c5 Ne6 23. Be3 Bf8 24. Rc1 Nf4 25. Rc3 Bc8 26. Qc2 Nxd3 27. Rxd3 Rxd3 28. Qxd3
Nd7 29. Qc3 Nf6 30. b4 h5 31. Ra1 Qe7 32. Bg5 Qe6 33. Nd2 1/2-1/2

[Event "Druzynowe Mistrzostwa Polski Juniorow - I Liga Juniorow 2019"]
[Site "Ustron"]
[Date "1899-12-30"]
[Round "5.26"]
[White "Suder, Jakub"]
[Black "Redzisz, Michal"]
[Result "0-1"]
[WhiteTitle "I++"]
[BlackTitle "k"]
[WhiteElo "1989"]
[BlackElo "2054"]

1. d4 Nf6 2. Bf4 d5 3. e3 c5 4. c3 Nc6 5. Nd2 e6 6. Bd3 Bd6 7. Bxd6 Qxd6 8. f4
O-O 9. Ngf3 cxd4 10. cxd4 Nb4 11. Bb1 Bd7 12. a3 Na6 13. Ne5 Bb5 14. a4 Bd7 15.
Ra3 Nb4 16. O-O b5 17. Qe1 Rfc8 18. Rc3 bxa4 19. Rf3 a3 20. Rxc8+ Rxc8 21. bxa3
Nc2 22. Qh4 Qxa3 23. Nf1 Bb5 24. f5 Bxf1 25. fxe6 Bb5 26. exf7+ Kf8 27. h3 Qc1+
28. Kh2 Nxe3 29. Bf5 Nxf5 30. Rxf5 Rc2 31. Rxf6 gxf6 32. Qxf6 Rc8 33. Qd6+ Kg7
34. f8=Q+ Rxf8 35. Qe7+ Kg8 36. Qe6+ Kh8 37. Nf7+ Kg7 38. Qh6+ Qxh6 0-1

[Event "Druzynowe Mistrzostwa Polski Juniorow - I Liga Juniorow 2019"]
[Site "Ustron"]
[Date "1899-12-30"]
[Round "5.27"]
[White "Poltorak, Sebastian"]
[Black "Dziewonski, Dariusz"]
[Result "1-0"]
[WhiteTitle "I++"]
[BlackTitle "I"]
[WhiteElo "2068"]
[BlackElo "1803"]

1. d4 d5 2. c4 e6 3. Nc3 Nf6 4. cxd5 exd5 5. Bg5 Be7 6. e3 c6 7. Bd3 Nbd7 8. Nge2
Nh5 9. Bxe7 Qxe7 10. g4 Nhf6 11. h3 Nb6 12. Qc2 Be6 13. O-O-O O-O-O 14. Na4 Nxa4
15. Qxa4 Kb8 16. Ng3 g6 17. Kb1 h5 18. g5 Ne8 19. h4 Nd6 20. Rhe1 Qd7 21. f3 Nf5
22. Bxf5 Bxf5+ 23. e4 Be6 24. Rd3 Rhe8 25. Ra3 a6 26. e5 Qc7 27. Rc1 Bc8 28. Nf1
Re6 29. Rac3 Ka7 30. Ne3 b5 31. Qc2 Bb7 32. f4 Qb6 33. Rc5 Rg8 34. f5 Re7 35.
Rf1 Qd8 36. fxg6 fxg6 37. Rf6 Qe8 38. Ng2 Bc8 39. Rcxc6 Bf5 40. Rxf5 gxf5 41.
Qc5+ Ka8 42. Rxa6+ Kb8 43. Qd6+ Rc7 44. Rb6+ Kc8 45. Qxd5 Ra7 46. Nf4 Rgg7 47.
Ne6 Rgb7 48. Rc6+ Kb8 49. Qd6+ Ka8 50. Nc5 Qg8 51. e6 f4 52. Qxf4 Qg6+ 53. Ka1
Rxa2+ 54. Kxa2 Ra7+ 55. Na6 Qe8 56. Rb6 Qd8 57. Qb8+ Qxb8 58. Rxb8# 1-0

[Event "Druzynowe Mistrzostwa Polski Juniorow - I Liga Juniorow 2019"]
[Site "Ustron"]
[Date "1899-12-30"]
[Round "5.28"]
[White "Sobala, Filip"]
[Black "Meers, Hubert"]
[Result "0-1"]
[WhiteTitle "II"]
[BlackTitle "I++"]
[WhiteElo "1421"]
[BlackElo "2072"]

1. e4 g6 2. d4 Bg7 3. Nc3 c6 4. Nf3 d5 5. h3 dxe4 6. Nxe4 Nd7 7. Be3 Ngf6 8. Nc3
Nb6 9. Bd3 Nbd5 10. Nxd5 cxd5 11. Qe2 O-O 12. O-O-O a5 13. a3 Rb8 14. Rdg1 b5
15. Bxb5 Qb6 16. a4 Bd7 17. Bg5 Ne4 18. c3 Bxb5 19. axb5 Nxg5 20. Nxg5 Qxb5 21.
Qxb5 Rxb5 22. Kc2 Rfb8 23. Rb1 a4 24. Nf3 f6 25. Rhe1 Kf7 26. Nd2 e5 27. dxe5
fxe5 28. Nf3 d4 29. c4 Rc5 30. Nd2 Bh6 31. Nf3 Kf6 32. Kd3 Rb3+ 33. Ke4 Rb4 34.
Re2 Rbxc4 35. b3 Rb4 36. Reb2 d3+ 37. Kxd3 e4+ 38. Ke2 exf3+ 39. Kxf3 Rc3+ 40.
Ke2 axb3 0-1

[Event "Druzynowe Mistrzostwa Polski Juniorow - I Liga Juniorow 2019"]
[Site "Ustron"]
[Date "1899-12-30"]
[Round "5.29"]
[White "Leczek, Weronika"]
[Black "Mazanowska, Aniela"]
[Result "1-0"]
[WhiteTitle "k"]
[BlackTitle "II"]
[WhiteElo "1806"]
[BlackElo "1250"]

1. d4 d5 2. Nf3 Nf6 3. g3 Bf5 4. Bg2 e6 5. O-O Bd6 6. c4 dxc4 7. Nbd2 Bb4 8. Qa4+
Nc6 9. Ne5 Nd5 10. Nxc6 bxc6 11. e4 c3 12. bxc3 Bxc3 13. Qxc6+ Kf8 14. Ba3+ Bb4
15. Bxb4+ Nxb4 16. Qc5+ Qd6 17. Qxd6+ cxd6 18. exf5 Rc8 19. fxe6 fxe6 20. Rab1
Nxa2 21. Rb7 Nc3 22. Bf3 Rg8 23. Ra1 a5 24. Rxa5 h6 25. Bg4 Rh8 26. Raa7 Rh7 27.
Bxe6 Re8 28. Bf5 Kg8 29. Bxh7+ Kxh7 30. Rxg7+ Kh8 31. Rh7+ Kg8 32. Rag7+ Kf8 33.
Nf3 Nd5 34. Nh4 Re6 35. Nf5 Ne7 36. Rh8+ 1-0